000 00425nam a2200133Ia 4500
008 100328s9999 xx 000 0 und d
082 _b39721
100 _aबेडेकर विश्राम
245 _aवाजे पाऊल आपुले
260 _bपॉप्युलर
630 _aवाजे पाऊल आपुले
730 _aवाजे पाऊल आपुले
942 _cBOOK
999 _c528607
_d528604